000 00277nam a22001337a 4500
008 170614b xxu||||| |||| 00| 0 eng d
020 _a9781878379627
041 _aeng
080 _a32
100 _a19
101 _aSHP
245 _aAUTONOMY
_cLAPIDOTH,R
942 _2udc
_cBK
999 _c17381
_d17381